000 01117nam a22002537a 4500
008 170624s2010 gw||||| |||| 00| 0 eng d
020 _a9783775725736
082 0 4 _a708
_bM478p
100 1 _aMcCarthy, Paul.
_95839
245 1 0 _aPaul McCarthy's low life slow life :
_btidebox tidebook /
_cPaul McCarthy ; editado por Jens Hoffmann y Stacen Berg.
250 _a1a ed.
260 _aAlemania :
_bHatje Cantz Verlag,
_c2010.
300 _a648 páginas :
_bilustraciones en color.
500 _aCatálogo publicado con motivo a las exposiciones "Paul McCarthy's Low Life Slow Life Part 1 y Paul McCarthy's Low Life Slow Life Part 2", presentadas del 7 de febrero al 12 de abril de 2008 y del 27 de enero al 30 de mayo de 2009 respectivamente, en Logan Galleries del CCA Wattis Institute for Contemporary Arts.
653 1 0 _aArte contemporáneo
653 1 0 _aCatálogo de exhibición
653 1 0 _aExhibiciones
653 1 0 _aArte - Estados Unidos
653 1 0 _aPerformance
653 1 0 _aInstalación
653 1 0 _aAction painting
700 1 _aHoffmann, Jens.
_eeditor.
_95840
700 1 _aBerg, Stacen.
_95841
999 _c1210
_d1210